• 首页
  • 本馆介绍
  • 公告通知
  • 最新文献
  • 馆藏检索
  • 电子资源
  • 读者导购
  • 参考咨询
  • 我的图书馆
  • 登录
  • 详细信息显示
  • 放入我的书架
  • 预约/预借图书
  • 作者相关作品
  • 分类相关作品
  • 丛书相关作品
  • 出版社相关作品

书目信息

  • 表格格式
  • 工作单格式
  • 卡片格式
题名:
做字
    
 
作者: 钱浩 编著
分册:  
出版信息: 北京   电子工业出版社  2019.12
页数: 301页
开本: 26cm
丛书名:
单 册:
中图分类: J292.13 , J293
科图分类:
主题词: 美术字--字体--设计
电子资源:
ISBN: 978-7-121-37290-2
000 01255nam0 2200289 45
001 012001001362
005 20130911104538.0
010    @a978-7-121-37290-2@dCNY168.00
099    @aCAL 012019155165
100    @a20191120d2019 em y0chiy0110 ea
101 0  @achi
102    @aCN@b110000
105    @aa z 000yy
106    @ar
200 1  @a做字@Azuo zi@e实用字体设计法@f钱浩 (Hawking) 编著
210    @a北京@c电子工业出版社@d2019.12
215    @a301页@c彩图@d26cm
300    @a其他题名:实用字体设计法
314    @a钱浩, 站酷推荐设计师、方正字库签约设计师。
330    @a本书是一本以大量的字体设计案例为基础,详细讲解字体设计方法的专业设计教程,以浅显易懂、容易上手为原则,帮助读者高效地学习并掌握字体设计的方法与技巧。本书分为七章——文字基础、基础练习、创意字形、3D字形、动态字体、字体故事、字集。其中,创意字形与3D字形部分介绍了多种字体设计的方法;动态字体部分不仅有图文内容,还引入了教学视频辅助读者理解;字体故事部分通过字体海报的设计形式讲述了作者个人艰辛励志的设计之路;而字集部分精选的大量案例,更是可以激发读者的创作灵感。
517 1  @a实用字体设计法
606 0  @a美术字@x字体@x设计
690    @aJ292.13@v5
690    @aJ293@v5
701  0 @a钱浩@AQian Hao@4编著
801    @aCN@b江苏凤凰@c20211018
905    @b1343210-3@dJ292.13@e714@f4
    
    做字:实用字体设计法/钱浩 (Hawking) 编著.-北京:电子工业出版社,2019.12
    301页:彩图;26cm
    其他题名:实用字体设计法
    
    ISBN 978-7-121-37290-2:CNY168.00
    本书是一本以大量的字体设计案例为基础,详细讲解字体设计方法的专业设计教程,以浅显易懂、容易上手为原则,帮助读者高效地学习并掌握字体设计的方法与技巧。本书分为七章——文字基础、基础练习、创意字形、3D字形、动态字体、字体故事、字集。其中,创意字形与3D字形部分介绍了多种字体设计的方法;动态字体部分不仅有图文内容,还引入了教学视频辅助读者理解;字体故事部分通过字体海报的设计形式讲述了作者个人艰辛励志的设计之路;而字集部分精选的大量案例,更是可以激发读者的创作灵感。
●
相关链接 在E读中查询图书 在五车中查询图书 在当当中查询图书 在豆瓣中查询图书


正题名:做字     索取号:J292.13/714         预约/预借

序号 登录号 条形码 馆藏地/架位号 状态 备注
1 1343210   213432105   第一样本阅览室/ [索取号:J292.13/714] 在馆    
2 1343211   213432114   第一借阅区/ [索取号:J292.13/714] 在馆    
3 1343212   213432123   第一借阅区/ [索取号:J292.13/714] 在馆    
4 1343213   213432132   第一借阅区/ [索取号:J292.13/714] 在馆    
唐山师范学院图书馆 欢迎您!
大连网信软件有限公司© 版权所有